Enciclopedia práctica de vela: la guía completa de vela ligera de recreo y competición, catamaranes y cruceros

Saved in:
Bibliografiske detaljer
Hovedforfatter: Evans, Jeremy (Author)
Format: Bog
Sprog:spansk
Udgivet: Barcelona Paidotribo 2007
Udgivelse:1a. ed
Serier:Colección Vela y Náutica
Fag:
Tags: Tilføj Tag
Ingen Tags, Vær først til at tagge denne postø!

MARC

LEADER 00000nam a2200000 a 4500
001 UCG3429
003 CL-VaPUC
008 100826e20070000SP |||||||||||||||||spa|d
020 |a 9788480199278 
082 0 4 |a 623.89  |b EVA  |2 21 
100 0 |a Evans, Jeremy  |e author  |9 552573 
245 1 0 |a Enciclopedia práctica de vela: la guía completa de vela ligera de recreo y competición, catamaranes y cruceros 
250 |a 1a. ed 
300 |a 256 p 
942 |c BK 
945 |d 20100826 00:00:00  |a mfarfan 
260 |a Barcelona  |b Paidotribo  |c 2007 
650 0 |a Botes a vela  |9 552212 
650 7 |a DEPORTE  |2 CL-VaPUC  |9 552574 
650 0 |a Navegación   |9 255384 
583 |a last modification  |c 20100826 00:00:00  |k Rodrigo Vera 
490 0 |a Colección Vela y Náutica 
999 |c 342497  |d 342495 
952 |0 0  |1 0  |4 0  |6 623_890000000000000_EVA_2007  |7 0  |8 C  |9 438709  |a BIBCUR  |b BIBCUR  |d 2019-11-22  |i 4712242  |l 3  |o 623.89 EVA 2007  |p 4712242  |r 2025-05-08  |s 2025-05-08  |w 2019-11-22  |y BK  |k DEN